[Event "Kiel op-B 19th"]
[Site "Kiel"]
[Date "2006.07.24"]
[Round "5"]
[White "Von Karger, Viktor"]
[Black "Bogs, Christian"]
[Result "1-0"]
[WhiteElo "1177"]
[BlackElo "1307"]
[PlyCount "35"]
[EventDate "2006.07.22"]
[EventType "swiss"]
[EventRounds "9"]
[EventCountry "GER"]
[SourceTitle "CBM 113 Extra"]
[Source "ChessBase"]
[SourceDate "2006.09.14"]
[SourceVersion "1"]
[SourceVersionDate "2006.09.14"]
[SourceQuality "1"]

1. d4 d5 2. c4 dxc4 3. e4 e6 4. Bxc4 c6 5. Nf3 Nf6 6. Nc3 Be7 7. 0-0 0-0 8. Bf4 Nbd7 9. Qc2 Nb6 10. Bd3 Ne8 11. e5 f5 12. exf6 Nxf6 13. Be5 Nbd7 14. Ng5 Nxe5 15. dxe5 Ng4 16. Nxh7 Nxf2 17. Bg6 Bc5 18. Nxf8 1-0

[Event "Kiel op-B 19th"]
[Site "Kiel"]
[Date "2006.07.22"]
[Round "1"]
[White "Bogs, Christian"]
[Black "Schulze, Klaus Dieter"]
[Result "1-0"]
[WhiteElo "1307"]
[BlackElo "1628"]
[PlyCount "45"]
[EventDate "2006.07.22"]
[EventType "swiss"]
[EventRounds "9"]
[EventCountry "GER"]
[SourceTitle "CBM 113 Extra"]
[Source "ChessBase"]
[SourceDate "2006.09.14"]
[SourceVersion "1"]
[SourceVersionDate "2006.09.14"]
[SourceQuality "1"]

1. e4 c5 2. Nf3 Nc6 3. d4 cxd4 4. Nxd4 g6 5. Nc3 Bg7 6. Be3 Nf6 7. f3 Qa5 8. Qd2 0-0 9. Be2 Qc7 10. g4 d6 11. h4 Ne5 12. h5 Nc4 13. Bxc4 Qxc4 14. 0-0-0 a6 15. Bh6 b5 16. Bxg7 Kxg7 17. hxg6 fxg6 18. Qh6+ Kf7 19. g5 b4 20. gxf6 exf6 21. Qxh7+ Ke8 22. Nd5 Qxa2 23. Qe7# 1-0